000 00574nam a2200205Ia 4500
003 OSt
005 20230327085754.0
008 210423s2008 xx 000 0 und d
020 _a8180520617
040 _cAL
041 _aeng
082 _a543.07
_223
_bGHOM
100 _aGHOSH (M K);others,Ed.
_978015
245 _aMeasurement and instrumentation: trends and applications.
260 _aNew Delhi
_bAne Books India
_c2008
300 _axxii,666
_bPB
365 _b795
_cINR
906 _aapplications. ; instrumentation: ; Measurement ; trends
942 _2ddc
_cBK
999 _c154041
_d154041